000 00346nam a2200121Ia 4500
008 230907s9999||||xx |||||||||||||| ||und||
082 _a621.815
_bJUV
100 _aJuvinall, Robert C.
_983666
245 0 _aFundamentals of machine component design /
260 _aJohn Wiley & Sons,
_bHoboken, NJ :
_c2012
300 _axix, 899 p. :
942 _cBK
999 _c598941
_d598941